La conquista del poder: elecciones y campañas presidenciales en América Latina
Saved in:
| Main Authors: | , , |
|---|---|
| 格式: | 圖書 |
| 語言: | 西班牙语 |
| 出版: |
Buenos Aires
La Crujía
2008
|
| 版: | 1a. ed |
| 叢編: | Espacio Público
|
| 主題: | |
| 標簽: |
添加標簽
沒有標簽, 成為第一個標記此記錄!
|
MARC
| LEADER | 00000nam a2200000 a 4500 | ||
|---|---|---|---|
| 001 | UCG6812 | ||
| 003 | CL-VaPUC | ||
| 008 | 110520e20080000AG |||||||||||||||||spa|d | ||
| 020 | |a 9789876010641 | ||
| 082 | 0 | 4 | |a 324.7 |b CRE |2 21 |
| 100 | 0 | |a Crespo Martínez, Ismael |e author |9 557207 | |
| 700 | |a Garrido Rubia, Antonio |e author |9 557208 | ||
| 700 | 0 | |a Riorda, Mario |e author |9 557209 | |
| 245 | 1 | 3 | |a La conquista del poder: elecciones y campañas presidenciales en América Latina |
| 250 | |a 1a. ed | ||
| 300 | |a 269 p | ||
| 942 | |c BK | ||
| 945 | |d 20110520 00:00:00 |a jcampos | ||
| 260 | |a Buenos Aires |b La Crujía |c 2008 | ||
| 650 | 0 | |a Campañas electorales |9 464493 | |
| 650 | 0 | |a Política |9 255312 | |
| 650 | 0 | |a Marketing político |9 537563 | |
| 650 | 7 | |a ESTRATEGIAS POLITICAS |2 CL-VaPUC |9 557210 | |
| 651 | 0 | |a América Latina |9 255027 | |
| 583 | |a last modification |c 20110520 00:00:00 |k Rodrigo Vera | ||
| 490 | 0 | |a Espacio Público | |
| 999 | |c 344943 |d 344941 | ||
| 952 | |0 0 |1 0 |4 0 |6 324_700000000000000_CRE_2008 |7 0 |8 A |9 443309 |a BIBHIS |b BIBHIS |d 2019-11-22 |i 4779037 |o 324.7 CRE 2008 |p 4779037 |r 2025-01-20 |w 2019-11-22 |y BK |k HIS | ||